000 02162nam a2200289Ia 4500
999 _c45488
_d45488
001 12313
003 GE_BSU
005 20240708163143.0
008 181216s2014||||ge |||||||||||||| ||geo||
020 _a9789941217807
040 _cGE_BSU
041 _ageo
080 _a27-36 ო-479
245 _aოპტელი წმინდა მამები ; რუსი წმინდა მამები : ღირსი ვარლაამ ხუტელი, წმინდა ათანასე სიანდემელი /
_cშემდგენელი კახაბერ კენკიშვილი ; გარეკანის დიზაინი ეთერ გზირიშვილი.
264 _aთბილისი :
_bპალიტრა L,
_c2014.
300 _a222 გვ. ;
_c20 სმ.
490 _aსაქართველოს იმედი II : ყველა წმინდანი, რომელთა შესახებაც უნდა იცოდე, 2298-0547 / პროექტის რედაქტორი თამარ მამაცაშვილი.
_vწ. 6
500 _aიბეჭდება სრულიად საქართველოს კათოლიკოს-პატრიარქის, უწმინდესისა და უნეტარესის ილია II-ის ლოცვა-კურთხევით
541 _h2ლ.
653 _aოპტელი წმინდა მამები
653 _aრუსი წმინდა მამები :ღირსი ვარლაამ ხუტელი, წმინდა ათანასე სიანდემელი
653 _aრელიგია
700 _aკენკიშვილი, კახაბერ
_eშემდგენელი
_922762
700 _aგზირიშვილი, ეთერ
_eგარეკანის დიზაინი
_922763
700 _aმამაცაშვილი, თამარ
_eპროექტის რედაქტორი
_922764
942 _cBK
_2udc